| 000 | 00881nam a22002537a 4500 | ||
|---|---|---|---|
| 003 | DO-SdBPM | ||
| 005 | 20250319135007.0 | ||
| 008 | 161205b2005 sp a 00| 0 spa d | ||
| 020 | _a9788496412679 | ||
| 040 |
_aDO-SdBPM _bspa _cBPMSU |
||
| 082 | 4 |
_a839.81 _bA544t 2005 _222 |
|
| 100 | 1 |
_aAndersen, Hans Christian _d 1805-1875, _c autor |
|
| 245 | 1 | 3 |
_aEl traje nuevo del emperador / _cbasado en el cuento de Hans Christian Andersen ; ilustración Sergio Kern |
| 260 |
_aBarcelona : _bEl País, _c2005. |
||
| 300 |
_a45 p. : _bil., ; _c20 cm. |
||
| 490 | 0 |
_aCuentos infantiles, _v13 |
|
| 590 | _aInventariado, 2025/VM | ||
| 650 | 4 |
_a Cuentos infantiles daneses _ySiglo XIX |
|
| 650 | 4 |
_aLiteratura infantil danesa _ySiglo XIX |
|
| 650 | 4 |
_aReyes _vCuentos infantiles |
|
| 700 | 1 |
_aKern, Sergio, _eilustración |
|
| 910 | _aVMateo V. Control de calidad. BPMSU | ||
| 942 |
_2ddc _cBK |
||
| 999 |
_c12263 _d12263 |
||